| 000 | 04252nam0a2200433 i 4500 | ||
|---|---|---|---|
| 001 | RU\NLR\BIBL_A\010882015 | ||
| 005 | 20240921150952.0 | ||
| 010 |
_a9785855369427 _9500 |
||
| 021 |
_aRU _b2015-78166 _94729 |
||
| 035 | _a(NILC)RuMoRGB-008039629 | ||
| 035 | _a(NLR Aleph) 010882015 | ||
| 090 |
_a10509430 _c10509430 |
||
| 100 | _a20151106d2015 k y0rusy50 ca | ||
| 101 | 0 |
_arus _aeng |
|
| 102 | _aRU | ||
| 105 | _aa z 100yy | ||
| 200 | 1 |
_aНаучно-практические основы устойчивого ведения аграрного производства _h[гл. 5-9] _i(Механизация, технология производства, переработки и хранения сельскохозяйственной продукции, животноводство, проблемы экологии и охраны окружающей среды в сельском хозяйстве, экономика и социология) _eматериалы IV-ой Международной научно-практической конференции молодых учёных ["Актуальные вопросы развития аграрной науки в современных экономических условиях"], 22-23 мая 2015 года _f[науч. ред.: д.с.-х.н., проф., акад. В. П. Зволинский] |
|
| 210 |
_aВолгоград _cИПК ФГБОУ ВПО Волгоградский ГАУ "Нива" _d2015 |
||
| 215 |
_a230 с. _cил. _d29 |
||
| 300 | _aВ надзаг.: Федер. агентство науч. орг. России, Отд-ние с.-х. наук РАН, Федер. гос. бюджет. науч. учреждение "Прикаспийский науч.-исслед. ин-т аридного земледелия", Прикаспийский науч.-производ. центр по подготовке науч. кадров [и др.] | ||
| 300 | _aЧасть текста на англ. яз. | ||
| 311 | _aНачало: Актуальные вопросы развития аграрной науки в современных экономических условиях, [гл. 1-4]: материалы IV-ой международной научно-практической конференции молодых учёных, 22-23 мая 2015 года. Волгоград, 2015 | ||
| 320 | _aБиблиогр. в конце ст. | ||
| 488 | 0 |
_12001#$aАктуальные вопросы развития аграрной науки в современных экономических условиях$h[гл. 1-4]$eматериалы IV-ой международной научно-практической конференции молодых учёных, 22-23 мая 2015 года _1210##$aВолгоград$d2015 _tАктуальные вопросы развития аграрной науки в современных экономических условиях |
|
| 606 | 1 |
_aСельскохозяйственные продукты _jСъезды, совещания и т.п _xПереработка _92086153 _3RU\NLR\AUTH\661262283 |
|
| 606 | 1 |
_aСельскохозяйственные продукты _jСъезды, совещания и т.п _xХранение _91598280 _3RU\NLR\AUTH\661001621 |
|
| 606 | 1 |
_aСельское хозяйство _jСъезды, совещания и т.п _9896357 _3RU\NLR\AUTH\664909 |
|
| 675 | _a63 | ||
| 686 | 1 | _aЛ80я431(0) | |
| 686 | 1 | _aП.я431(0) | |
| 702 | 1 |
_aЗволинский _bВ. П. _f1947- _gВячеслав Петрович _4340 |
|
| 711 | 1 | 2 |
_a"Актуальные вопросы развития аграрной науки в современных экономических условиях", международная научно-практическая конференция молодых ученых _d4 _eс. Соленое Займище, Астраханская обл. _f2015 _9490825 _3RU\NLR\AUTH\880412764 |
| 801 | 0 |
_aRU _bРГБ _c20151008 _gRCR |
|
| 801 | 2 |
_aRU _bРГБ _c20151014 _grcr |
|
| 801 | 1 |
_aRU _bРГБ _c20151008 _2rusmarc |
|
| 942 | _cBOOK | ||
| 980 | _aNBR | ||